Perfect incompressible fluids

Αποθηκεύτηκε σε:
Λεπτομέρειες βιβλιογραφικής εγγραφής
Κύριος συγγραφέας: Chemin, Jean-Yves
Άλλοι συγγραφείς: Gallagher, Isabelle (trlf), Iftimie, Dragos (Μεταφραστής)
Μορφή: Βιβλίο
Γλώσσα:English
Δημοσίευση: Oxford : Clarendon press, 1998.
Σειρά:Oxford lecture series in mathematics and its applications ; 14
Oxford science publications
Θέματα:
Ετικέτες: Προσθήκη ετικέτας
Δεν υπάρχουν, Καταχωρήστε ετικέτα πρώτοι!

MARC

LEADER 00000cam a2200000 i 4500
001 1/5662
008 990922s1998 uk ||| | eng||
020 |a 0198503970 
035 |l 10061664 
040 |a GR-MyUA  |b gre  |e AACR2 
041 1 |a eng 
082 0 |a 620.1064  
100 1 |a Chemin, Jean-Yves. 
245 1 0 |a Perfect incompressible fluids /   |c Yean-Yves Chemin ; translated by Isabell Gallagher and Dragos Iftimie. 
260 |a Oxford :   |b Clarendon press,   |c 1998. 
300 |a x, 187 σ. :   |b εικ. ;   |c 24 εκ.  
490 1 |a (Oxford lecture series in mathematics and its applications   |v ; 14) 
490 1 |a (Oxford science publications) 
504 |a Περιέχει βιβλιογραφικές αναφορές και ευρετήριο.  
650 0 0 |a Non-Newtonian fluids. 
700 1 |a Gallagher, Isabelle,  |e trlf 
700 1 |a Iftimie, Dragos,  |e trl 
830 0 |a Oxford lecture series in mathematics and its applications ;  |v  14 
830 0 |a Oxford science publications 
852 |a INST  |b SAMOS  |e 19990922  |h 620.1064 CHE  |p 005300012225  |q 005300012225  |t BK  |y 0 
852 |a INST  |b SAMOS  |e 20000308  |h 620.1064 CHE  |p 005300018063  |q 005300018063  |t BK  |y 0 
852 |a INST  |b SAMOS  |e 20000607  |h 620.1064 CHE  |p 005300019698  |q 005300019698  |t BK  |y 0 
901 |a BIBL3-2000-2 
901 |a BIBL3-1999-3 
901 |a BIBL3-1999-3 
909 |a Σ  |b 078718 
909 |a Σ  |b 063468 
909 |a Σ  |b 067695 
922 |a 3ΕΛΗ  |b 200005  |c ΤΜΗΜΑ ΜΑΘΗΜΑΤΙΚΩΝ  |d ΠΑΠΑΣΩΤΗΡΙΟΥ 
922 |a 3ΕΛΗ  |b 199907  |c ΕΠΕΑΕΚ/ΜΑΘ  |d ΠΑΠΑΣΩΤΗΡΙΟΥ 
922 |a 3ΕΛΗ  |b 199911  |c ΕΠΕΑΕΚ/ΜΑΘ  |d ΠΑΠΑΣΩΤΗΡΙΟΥ 
950 |a 116-2000-01-19 
970 |a ΓΕΝΟΥΖΟΥ  |b ΧΡΥΣΑΝΘΗ  |z 1999/09/22